Microsoft Office Outlook 2007 : rychle hotovo! /

Hlavní autor: Král, Mojmír
Jazyk: Čeština
Vydáno: Brno : Computer Press, 2007
Vydání: Vyd. 1.
Edice: Rychle hotovo!
Témata:
Externí odkaz: Digitalizovaný dokument
Fyzický popis: 211 s. : il. ; 19 x 23 cm + 1 CD-ROM
Knihy
Uloženo v:
LEADER 01715nam a2200457 a 4500
001 nkc20071715528
003 CZ PrNK
005 20070629133141.0
007 ta
008 070406s2007 xr a e f 001 0 cze
015 |a cnb001715528 
020 |a 978-80-251-1543-5  |q (brož.) 
035 |a (OCoLC)137330942 
040 |a OLA001  |b cze  |d BOA001 
072 7 |a 004.4/.6  |x Programování. Software  |2 Konspekt  |9 23 
080 |a 004.42Outlook  |2 MRF 
080 |a 004.9:004.773.3  |2 MRF 
080 |a (035)  |2 MRF 
100 1 |a Král, Mojmír  |7 ola2006329847  |4 aut 
245 1 0 |a Microsoft Office Outlook 2007 :  |b rychle hotovo! /  |c Mojmír Král 
246 3 0 |a Outlook 2007 
250 |a Vyd. 1. 
260 |a Brno :  |b Computer Press,  |c 2007 
300 |a 211 s. :  |b il. ;  |c 19 x 23 cm +  |e 1 CD-ROM 
490 1 |a Rychle hotovo! 
500 |a Obálkový podnázev: názorný průvodce všemi běžnými činnostmi 
500 |a Obsahuje rejstřík 
650 0 7 |a Microsoft Outlook 2007 (software)  |7 ph392758  |2 czenas 
650 0 7 |a poštovní software  |7 ph290650  |2 czenas 
650 0 9 |a Microsoft Outlook 2007  |2 eczenas 
650 0 9 |a e-mail software  |2 eczenas 
655 7 |a příručky  |7 fd133209  |2 czenas 
655 9 |a handbooks and manuals  |2 eczenas 
830 0 |a Rychle hotovo!  |0 s 
856 4 1 |u http://www.digitalniknihovna.cz/mzk/uuid/uuid:e3436dd0-18e1-11ef-9ec1-0050568d319f  |y Digitalizovaný dokument  |x NDK 
910 2 |a BOA001  |b 2-1185.728 
990 |a BK 
995 |a 01 
991 |b 200705  |c NOV 
996 6 |b 2610308155  |c 2-1185.728  |l MZK  |r Sklad / do 1 hodiny  |n 0  |p p.v.  |w 000847257  |u 000010  |a 1  |e BOA001  |j MZK50  |s P 
996 7 |b 2610308156  |c 2-1185.728  |l MZK  |r Sklad / do 1 hodiny  |n 15  |p p.v.  |w 000847257  |u 000020  |a 1  |e BOA001  |j MZK50  |s A